نمادج من الفلسفة المسيحية في العصر الوسيط : (Record no. 7154)
[ view plain ]
| 000 -الفاتح | |
|---|---|
| حقل البيانات ثابتة الطول | 00841nac a22001931u 4500 |
| 008 - عناصر البيانات ثابتة الطول - معلومات عامة | |
| حقل البيانات ثابتة الطول | 100718s1978 ua|||||r|||| 000 0 ara d |
| 082 ## - رقم تصنيف ديوى العشرى | |
| رقم التصنيف | 188 |
| رقم الطبعة | 22 |
| رقم المادة | ح س ن |
| 100 ## - المدخل الرئيسى - إسم شخصى | |
| 9 (RLIN) | 16362 |
| الإسم الشخصى | حنفي، حسن |
| 245 ## - بيان العنوان | |
| العنوان | نمادج من الفلسفة المسيحية في العصر الوسيط : |
| بقية العنوان | أوغسطين- أنسيلم-توما الأكويني/ |
| بيان المسئوليه,etc | ترجمة وتقديم وتعليق حسن حنفي حسنين |
| 250 ## - بيان الطبعة | |
| بيان الطبعة | ط2 |
| 260 ## - PUBLICATION, DISTRIBUTION, ETC. (IMPRINT) | |
| مكان الناشر او الموزع | القاهرة : |
| اسم الناشر او الموزع | مكتبة الأنجلو الأمريكية،1978. |
| تاريخ النشر أو التوزيع | 1978. |
| 300 ## - الوصف المادى | |
| التعداد | 291ص.؛ |
| أبعاد الوعاء | 24 سم |
| 504 ## - تبصرة ببليوجرافية | |
| تبصرة ببليوجرافية,الخ | يشتمل على إرجاعات ببليوجرافية |
| 511 ## - | |
| -- | Catalogued by: Sara |
| 541 ## - تبصرة المصدر المباشر للتزويد | |
| مصدر التزويد | الف باء؛ |
| طريقة التزويد | شراء؛ |
| 650 ## - المدخل الاضافى بالموضوع-مصطلح موضوعى | |
| مصطلح موضوعي أو اسم جغرافي كعنصر مدخل | الفلسفة المسيحية |
| 9 (RLIN) | 16359 |
| 700 ## - المدخل الاضافى - اسم شخصى | |
| الإسم الشخصى | Hasanen, Hassan Hanafey |
| 9 (RLIN) | 16363 |
| 942 ## - عناصر المدخل الإضافي( كوها) | |
| Koha [default] item type | Book - Borrowing |
| سابقة رقم الطلب | 188ح س ن |
| مصدر التصنيف او مخطط الترفيف | Dewey Decimal Classification |
| حالة التراجع | حالة الفقد | مصدر التصنيف او خطة الترفيف | حالة تلف | ليس للاعارة | مجموعات كوها | المكان الدائم | المكان الحالي | موقع الترفيف | تاريخ الاكتساب | Source of acquisition | رقم الاستدعاء | الباركود | Date last seen | نوع الوعاء |
|---|---|---|---|---|---|---|---|---|---|---|---|---|---|---|
| Dewey Decimal Classification | Alef-Baa | Central Library | Central Library | Lower Floor | 08/01/2014 | 188 ح س ن | 000008646 | 15/07/2025 | Book - Borrowing |